000 00573nam a2200193Ia 4500
003 GCL
008 140319s9999 xx 000 0 ara d
040 _aGCL /
_cGCL
082 0 4 _a796.019
_bم ا
100 1 _aامين الخولى
245 1 0 _aاسس بناء برامج التربية الرياضية /
_cامين الخولى
700 1 _aمحمد الحمامى
300 _a212 ص
490 _a
650 0 4 _aالبرامج
650 0 4 _aوسائل الاعلام والشباب
650 0 4 _aالتربية البدنية - مناهج
942 _2ddc
_cBK
999 _c38759
_d38759